| 000 | 00550nam a2200217Ia 4500 | ||
|---|---|---|---|
| 003 | OSt | ||
| 005 | 20220928143526.0 | ||
| 006 | a|||||r|||| 00| 0 | ||
| 007 | ta | ||
| 008 | 220927b |||||||| |||| 00| 0 eng d | ||
| 024 | _a22395 | ||
| 037 | _cTextual | ||
| 040 |
_aSDCL _cSDCL _beng |
||
| 041 |
_2eng _aeng |
||
| 082 | _aW691y7M18:g, L2 | ||
| 100 |
_aKamenka Eugene _9504831 |
||
| 245 | 0 | _aEthical foundation of Marxism | |
| 260 | _c1962 | ||
| 942 |
_hW691y7M18:g, L2 _cTEXL _2CC |
||
| 999 |
_c824388 _d824388 |
||